00405nam a2200157Ia 45000010006000000050017000060080041000230410008000640820018000721000033000902450064001232600009001873000035001966500008002316540008002392479320260414151107.0260414t2016||||xx |||||||||||||| ||spa|| aESP a346bA46 T. 4 aAlterini, Jorge HoracioeAUT 0aCódigo civil y comercial comentado :btratado exegético c2016 axliii, 751 páginas :c25 cm. aDER aCDE